000 00722nas a2200241 4500
001 BR9805302
003 BR-BrBNA
005 20231205101146.0
007 ta
008 230509b bl.|||p| |||| 00| 00por d
040 _aBR-BrBNA
_bpor
_cBiblioteca Nacional de Agricultura
041 _a(Pt)
072 _aF70
100 1 _aCorrea, A.M. da S.
245 1 _aFlora polinica da reserva do Parque Estadual das Fontes do Ipiranga (Sao Paulo, Brasil)
650 _aFlora Tropical
650 _aPolen
650 _aTaxonomia Vegetal
650 _aSao Paulo
773 0 _tHoehnea (Brazil)
_xISSN 0073-2877
_g(Dec 1996), v. 23(2) p. 103-106
_wBR9805302
909 _a202311
_bLúcia
_c55
_dLúcia Elande
942 _2AGRIS
_n0
_cANA
999 _c160115
_d160115